[Event "Graz op-B"]
[Site "Graz"]
[Date "1999.??.??"]
[Round "6"]
[White "Hoebarth, Guenter"]
[Black "Hampel, Bernd"]
[Result "1-0"]
[WhiteElo "1980"]
[BlackElo "1930"]
[PlyCount "43"]
[EventDate "1999.09.17"]
[EventType "swiss"]
[EventRounds "9"]
[EventCountry "AUT"]
[SourceTitle "EXT 2001"]
[Source "ChessBase"]
[SourceDate "2000.11.22"]
[SourceVersion "1"]
[SourceVersionDate "2000.11.22"]
[SourceQuality "1"]

1. d3 e5 2. Nf3 d6 3. e4 Be7 4. Be2 f5 5. c3 Nf6 6. Nbd2 c6 7. Qb3 Qc7 8. 0-0 d5 9. exd5 Nxd5 10. Nc4 Nd7 11. d4 e4 12. Ng5 N7f6 13. Ne5 Bd7 14. c4 Nb6 15. Bf4 Ng4 16. Bxg4 fxg4 17. Ng6 Bd6 18. Bxd6 Qxd6 19. Nxh8 Be6 20. Nhf7 Qf4 21. Nxe6 Qxf7 22. d5 1-0